00749 2200289 4500001002100000005001500021035002000036007000300056008004100059082001800100084002400118100001900142245005600161250001000217260007700227300003100304020002200335700001100357990001100368990001200379990001100391990001200402990001200414990001100426990001100437990001100448INLIS00000000000774620210409024716 a0010-0321001116ta210409 g 0 ind  aR. 641.598 98 aR. 641.598 98 AKH m0 aAKHMAD, Elvian1 aMakanan Khas Pangkalpinang /cAkhmad Elvian, Suhada acet.2 aPangkalpinang :bDinas Kebudayaan & Pariwisata Kota Pangkalpinang,c2011 a51 hal. :bilus. ;c20 cm. a978-602-9228-01-40 aSUHADA a4034 a a4034 b a4034 a a4034 b a4034 b a4034 a a4034 d a4034 e